[Event "USA U16 K8 op"]
[Site "Grapevine"]
[Date "2019.04.27"]
[Round "3"]
[White "Kalyanaraman, Raghav"]
[Black "Pan, Kevin"]
[Result "0-1"]
[WhiteElo "1296"]
[BlackElo "2036"]
[PlyCount "117"]
[EventDate "2019.04.26"]
[EventType "swiss"]
[EventRounds "7"]
[EventCountry "USA"]
[SourceTitle "CBM 190 Extra"]
[Source "ChessBase"]
[SourceDate "2019.07.15"]
[SourceVersion "1"]
[SourceVersionDate "2019.07.15"]
[SourceQuality "1"]

1. e4 e5 2. Nf3 Nc6 3. Bb5 a6 4. Ba4 Nf6 5. 0-0 b5 6. Bb3 Bc5 7. c3 d6 8. a4 Bb7 9. d4 Bb6 10. Re1 h6 11. axb5 axb5 12. Rxa8 Qxa8 13. Na3 0-0 14. d5 Na5 15. Ba2 c6 16. b4 Nc4 17. Bxc4 bxc4 18. Nxc4 Bc7 19. dxc6 Bxc6 20. Nfd2 Nxe4 21. Nxe4 Bxe4 22. Ne3 Qb7 23. f3 Bc6 24. Nf5 d5 25. Ne7+ Kh8 26. Nxc6 Qxc6 27. Qb3 f5 28. Be3 f4 29. Bf2 Rb8 30. Rd1 Rb5 31. Kh1 e4 32. fxe4 dxe4 33. c4 Rg5 34. b5 Qb7 35. Qh3 e3 36. Bh4 Rg6 37. Qf3 Qxf3 38. gxf3 Bb6 39. Rd5 Re6 40. Be1 Kh7 41. c5 Bc7 42. Rd7 Be5 43. c6 Kg6 44. c7 Bxc7 45. Rxc7 Kh5 46. Rc6 Re5 47. b6 Rb5 48. Kg2 Rb2+ 49. Kf1 g5 50. h3 Rb1 51. Ke2 Rb2+ 52. Kd3 Rb1 53. Bc3 Kh4 54. Rxh6+ Kg3 55. Ke2 Rb3 56. Bd4 Rb4 57. Rd6 Kxh3 58. Rd7 g4 59. fxg4 0-1